| 000 | 00810cab a2200265 4500 | ||
|---|---|---|---|
| 001 | WB3444-52 | ||
| 008 | 090401t1998 xxu||||| |||| 00| 0 eng d | ||
| 035 | _a(Sirsi) u89822 | ||
| 041 | _aeng | ||
| 245 | _aRoad tolls study | ||
| 260 | _c1998 | ||
| 350 | _a0 | ||
| 490 |
_aEvening Standard _v18 November 1998, 7(1) |
||
| 520 | _aLondon First is commissioning research into the viability of road-user charging in London. The 15-week study is to be carried out by Halcrow Fox. | ||
| 650 | _aCAR USE | ||
| 650 | _aLONDON FIRST | ||
| 650 | _aLONDON | ||
| 650 | _aROAD PRICING | ||
| 650 | _aROAD TOLLS | ||
| 650 | _aPROPERTY-INFRASTRUCTURE-TRANSPORT INFRASTRUCTURE-ROAD INFRASTRUCTURE | ||
| 650 | _aTRAFFIC FLOW | ||
| 690 | _aTRANSPORT AND COMMUNICATIONS | ||
| 942 | _n0 | ||
| 948 | _c19/11/1998 | ||
| 999 |
_c56861 _d56861 |
||